000 00751nam a2200193Ii 4500
003 JO-AjNU
008 230605s9999||||xx |||||||||||||| ||und||
040 _aJO-AjNU
_bara
_erda
_cJO-AjNU
041 _aara
050 1 4 _aBP130.32
100 3 _aالشويكي، حسام أسعد,
_eauthor
_949132
245 0 0 _aقرآني حياتي: خواطر قرآنية يومية لبرنامج قراءة القرآني الكريم في شهر رمضان المبارك
264 3 1 _aاربد: جمعية المحافظة على القرآن الكريم، د.ت
300 _a88ص
336 _atext
_btxt
_2rdacontent
337 _aunmediated
_bn
_2rdamedia
338 _avolume
_bnc
_2rdacarrier
650 4 _aالقرآن الكريم- تفسير
_949133
999 _aA21561
_c25129
_d25129